000 00206nam a22000977a 4500
999 _c16124
_d16124
003 OSt
008 191107b ||||| |||| 00| 0 eng d
100 _aKesavdev,P.
_94298
245 _aBranthalayam
942 _cBK